The religious & loyal protestation of John Gauden, Dr. in Divinity, against the present declared purposes and proceedings of the army and others; about the trying and destroying our Soveraign Lord the King. : Sent to a collonell, to bee presented to the Lord Fairfax and his generall councell of officers, the fift of January 1648.

Bibliographic Details
Main Author: Gauden, John, 1605-1662
Format: eBook
Language:English
Published: London. : Printed for Richard Royston dwelling in Ivie Lane, Anno Domini 1648.
Series:Early English books online.
Subjects:
Online Access:Connect to the full text of this electronic book

MARC

Tag First Indicator Second Indicator Subfields
LEADER 00000nam a2200000Ia 4500
001 in00004201250
005 20200806085841.0
006 m g d
007 cr bn |||a|bb|
008 050929s1648 enk o 000 0 eng d
035 |a (OCoLC)61742157 
040 |a UMI  |c UMI 
037 |a CL2105000002  |b ProQuest Information and Learning 300 N. Zeeb Rd., Ann Arbor, MI 48103-1553 
043 |a e-uk--- 
090 |a DA410  |b .G32 1648 
049 |a UMIA 
100 1 |a Gauden, John,  |d 1605-1662. 
245 1 4 |a The religious & loyal protestation of John Gauden, Dr. in Divinity, against the present declared purposes and proceedings of the army and others; about the trying and destroying our Soveraign Lord the King. :  |b Sent to a collonell, to bee presented to the Lord Fairfax and his generall councell of officers, the fift of January 1648. 
260 |a London. :  |b Printed for Richard Royston dwelling in Ivie Lane,  |c Anno Domini 1648. 
300 |a 1 online resource ([1]+ leaves. 
336 |a text  |b txt  |2 rdacontent 
337 |a computer  |b c  |2 rdamedia 
338 |a online resource  |b cr  |2 rdacarrier 
500 |a "Imprimatur Ja: Cranford." 
500 |a Wing suggests date of 1649. 
500 |a Fragment: t.p. only. 
500 |a Reproduction of original in the British Library. 
510 4 |a Wing  |c G367 
533 |a Electronic reproduction.  |b Ann Arbor, Mich. :  |c UMI,  |d 1999-  |f (Early English books online)  |n Digital version of: (Early English books; Tract supplement ; E4:1[272b])  |7 s1999 miun s 
655 0 |a Title pages  |z England  |y 17th century. 
651 0 |a Great Britain  |x History  |y Civil War, 1642-1649. 
651 0 |a Great Britain  |x Politics and government  |y 1642-1649. 
830 0 |a Early English books online. 
856 4 0 |u http://proxy.library.tamu.edu/login?url=https://search.proquest.com/docview/2240870647  |z Connect to the full text of this electronic book  |t 0 
994 |a 02  |b UMI 
999 f f |s f8bb04e1-7438-38b7-842d-000208b6e658  |i 406fd35b-34a0-36c0-bdd9-8e4213cb08ce  |t 0 
952 f f |a Texas A&M University  |b College Station  |c Electronic Resources  |d Available Online  |t 0  |e DA410 .G32 1648  |h Library of Congress classification 
998 f f |a DA410 .G32 1648  |t 0  |l Available Online